Chinese outbound travel to the Middle East and North Africa

Saved in:
Bibliographic Details
Corporate Author: World Tourism Organization
Format: Book
Language:English
Published: Madrid, Spain : World Tourism Organization, c2014
Subjects:
Tags: Add Tag
No Tags, Be the first to tag this record!

MARC

LEADER 00000cam a2200000 i 4500
001 1/48526
008 140602s2014 eng d
020 |a 978-92-844-1565-6 (pbk.) 
035 |l 10117842 
040 |a GR-MY-UA  |b gre  |e aacr 
041 0 |a eng 
082 0 |a 338.479151  |2 (23) 
110 2 |a World Tourism Organization. 
245 1 0 |a Chinese outbound travel to the Middle East and North Africa /  |c World Tourism Organization 
260 |a Madrid, Spain :   |b World Tourism Organization,   |c c2014 
300 |a xv, 109 σ.;  |b διαγρ.,εικ., πίν.;  |c 29 εκ. 
504 |a Βιβλιογραφία: σ. 109 
650 0 0 |a Tourism  |z China. 
650 0 0 |a Tourism  |z Middle East. 
650 0 0 |a Tourism  |z Africa, North. 
852 |a INST  |b CHIOS  |e 20140602  |h 338.479151 WOR  |p 005200036910  |q 005200036910  |t BK  |y 0 
901 |a BIBL2-2014-2 
909 |a Χ  |b 180754 
970 |a ΣΑΛΑΜΟΥΡΑ  |b ΜΑΡΙΑ  |z 2014/06/02